Countries with the most beautiful national parks - Statistics

General Stats
  • This quiz has been taken 29 times
    28 since last reset
  • The average score is 13 of 16
Answer Stats
Continent Answer % Correct
North America Usa
100%
South America Brazil
95%
North America Canada
95%
Africa South Africa
95%
South America Argentina
90%
Oceania Australia
90%
South America Chile
90%
North America Costa Rica
86%
Oceania New Zealand
86%
South America Venezuela
86%
Europe Italy
81%
Africa Tanzania
76%
Europe Switzerland
67%
Europe Croatia
57%
Africa Namibia
57%
Asia Thailand
48%
No matching quizzes found
Score Distribution
Percent of People with Each Score
Percentile by Number Answered
Your Score History
You have not taken this quiz since the last reset